000
00332pam a2200145a 44500
008
230405s2000 xxu||||| |||| 00| 0 eng d
041
_a
ENG
100
_a
RAJARAMAN.V
245
_a
FUNDAMENTALS OF COMPUTER
260
_a
NEW DELHI
_b
PHI LEARNING PUB
_c
2000
300
_a
P.B,351
650
_a
CSE
690
_a
CSE
906
_a
63
999
_c
814258
_d
814258